[Event "Delkanda Inter Club-chT"]
[Site "Delkanda"]
[Date "2021.02.27"]
[Round "4.1"]
[White "Randil, Lakshita"]
[Black "De Silva, DM Nilanga"]
[Result "1-0"]
[WhiteElo "1952"]
[BlackElo "1592"]
[PlyCount "59"]
[EventDate "2021.02.26"]
[EventType "team-tourn"]
[EventRounds "9"]
[EventCountry "SRI"]
[SourceTitle "EXT 2022"]
[Source "ChessBase"]
[SourceDate "2021.10.06"]
[SourceVersion "1"]
[SourceVersionDate "2021.10.06"]
[SourceQuality "1"]
[WhiteTeam "Jayewardenepura Univ"]
[BlackTeam "Sokians CC"]
[WhiteTeamCountry "SRI"]
[BlackTeamCountry "SRI"]

1. Nf3 d5 2. c4 c6 3. g3 Nf6 4. Bg2 e6 5. b3 Bd6 6. Bb2 Nbd7 7. 0-0 0-0 8. d4 Ne4 9. Nc3 f5 10. e3 Ndf6 11. Ne5 Nxc3 12. Bxc3 Ne4 13. Bb2 Bd7 14. f3 Nf6 15. Nxd7 Qxd7 16. Qd3 Rad8 17. Kh1 Bc7 18. Rad1 Kh8 19. Qc2 Qf7 20. e4 f4 21. e5 Ne8 22. Bh3 g5 23. gxf4 gxf4 24. Rg1 Ng7 25. Rg5 Rde8 26. Rdg1 Rg8 27. R1g4 Bd8 28. Rh4 h5 29. Rg6 Qxg6 30. Qxg6 1-0

[Event "Negombo op 3rd"]
[Site "Negambo"]
[Date "2017.08.23"]
[Round "8"]
[White "De Silva, DM Nilanga"]
[Black "Subasinghe, KRVR"]
[Result "0-1"]
[WhiteElo "1754"]
[BlackElo "2014"]
[PlyCount "101"]
[EventDate "2017.08.20"]
[EventType "swiss"]
[EventRounds "10"]
[EventCountry "SRI"]
[SourceTitle "CBM 180 Extra"]
[Source "ChessBase"]
[SourceDate "2017.10.06"]
[SourceVersion "1"]
[SourceVersionDate "2017.10.06"]
[SourceQuality "1"]

1. d4 d6 2. Nf3 g6 3. g3 Bg7 4. Bg2 Nf6 5. 0-0 0-0 6. c4 Nbd7 7. Nc3 c6 8. b3 Rb8 9. Bb2 b5 10. cxb5 cxb5 11. e3 Bb7 12. Qe2 Qb6 13. Rac1 Rfe8 14. b4 Nd5 15. a3 Nxc3 16. Rxc3 Rec8 17. Rfc1 Rxc3 18. Rxc3 Nf6 19. Rc1 a5 20. bxa5 Qxa5 21. Nd2 Bxg2 22. Kxg2 Nd7 23. Kg1 Nb6 24. e4 Na4 25. Ba1 Qb6 26. e5 dxe5 27. dxe5 Bh6 28. Rc2 b4 29. axb4 Qxb4 30. e6 f6 31. Bxf6 exf6 32. e7 Kf7 33. Ne4 Nb6 34. Nc5 Re8 35. Qe6+ Kg7 36. Ne4 Qb1+ 37. Kg2 Qxc2 38. Qxf6+ Kg8 39. Nd6 Qc6+ 40. Kg1 Rxe7 41. Qxe7 Qd7 42. Qe5 Bg7 43. Qc5 Bf8 44. Qxb6 Qxd6 45. Qb7 Be7 46. Qe4 Kf7 47. Qf3+ Kg7 48. Qb7 h6 49. Qf3 h5 50. Qb7 g5 51. Qe4 0-1

[Event "Negombo op 3rd"]
[Site "Negambo"]
[Date "2017.08.21"]
[Round "3"]
[White "De Silva, DM Nilanga"]
[Black "Withanarachchi, WAPV1111"]
[Result "1-0"]
[WhiteElo "1754"]
[BlackElo "1213"]
[PlyCount "81"]
[EventDate "2017.08.20"]
[EventType "swiss"]
[EventRounds "10"]
[EventCountry "SRI"]
[SourceTitle "CBM 180 Extra"]
[Source "ChessBase"]
[SourceDate "2017.10.06"]
[SourceVersion "1"]
[SourceVersionDate "2017.10.06"]
[SourceQuality "1"]

1. d4 d5 2. c4 c6 3. Nf3 e6 4. Nc3 Nf6 5. a3 Nbd7 6. Bg5 Qc7 7. e3 Be7 8. Bd3 dxc4 9. Bxc4 b5 10. Be2 a6 11. 0-0 0-0 12. b4 Bb7 13. Qb3 Rfe8 14. Rac1 Qb6 15. Rfd1 Nd5 16. Bxe7 Rxe7 17. Ne4 N5f6 18. Nc5 Nxc5 19. Rxc5 a5 20. Ne5 axb4 21. axb4 Ra4 22. h3 Nd5 23. Nd3 Qa6 24. Rdc1 Ra3 25. Qb1 Qb6 26. Ne5 Rc7 27. Bf3 f6 28. Nd3 Kf7 29. e4 Ne7 30. d5 exd5 31. exd5 Rc8 32. Nf4 g6 33. Qb2 Ra6 34. d6 Nf5 35. Qb3+ Kg7 36. Ne6+ Kh8 37. Qc3 Ra7 38. Qxf6+ Kg8 39. Rxf5 Ba8 40. Qf8+ Rxf8 41. Rxf8# 1-0